000 00756nam a2200217Ii 4500
003 JO-AjNU
008 230605s9999||||xx |||||||||||||| ||und||
017 _a1982/2909
020 _a977-02-0058-1
040 _aJO-AjNU
_bara
_erda
_cJO-AjNU
041 _aara
050 1 4 _aPJ7701.6.T35.Z76 1982
100 3 _aتأليف لاشين،عبد الفتاح,
_eauthor
_98324
245 0 0 _aالخصومات البلاغية والنقدية في صنعة أبي تمام
264 3 1 _aالقاهرة:دار المعارف،1982
300 _a226ص
336 _atext
_btxt
_2rdacontent
337 _aunmediated
_bn
_2rdamedia
338 _avolume
_bnc
_2rdacarrier
650 4 _a الشعر العربي - تاريخ ونقد - العصر العباسي
_98325
999 _aA730
_c4298
_d4298